000 00620cam a22002293a 4500
001 19128
003 PGUSA
005 20140828083415.0
008 060826s2006||||xxu|||||s|||||000 | eng d
040 _aPGUSA
_beng
042 _adc
050 4 _aPT
100 1 _aZetterström, Hasse,
_d1877-1946
245 1 0 _aAda
_h[electronic resource] /
_cHasse Zetterström
260 _bProject Gutenberg,
_c2006
506 _aPublic domain in the USA.
516 _aElectronic text
653 _aSwedish wit and humor
830 0 _aProject Gutenberg
_v19128
856 4 0 _uhttp://www.gutenberg.org/ebooks/19128
942 _cEB
999 _c248383
_d248383